| 000 | 00434cam a2200157 i 4500 | ||
|---|---|---|---|
| 020 | _a0405129629 | ||
| 082 |
_a301 _bDAV _cN01,P155 |
||
| 100 | 1 |
_aDavis, Kingsley, _937520 |
|
| 245 | 1 | 2 |
_aHuman society _cKingsley Davis. |
| 260 |
_aIndia : _bSurjeet Publications, _c1980. |
||
| 300 |
_a 655 p. : _bill. ; _c24 cm. |
||
| 526 |
_a0 _b0 _c0 _d301_000000000000000_DAV |
||
| 650 | 0 |
_aKinship. _937521 |
|
| 650 | 0 |
_aNUST _96342 |
|
| 942 |
_2ddc _cBK |
||
| 999 |
_c542383 _d542383 |
||